000 00939nmm a2200277 a 4500
001 ocm000955192
003 TR-IsHL
005 20201028150140.0
008 150110s2014 tu tur
007 cr cn
020 _a9786054708666
035 _a955192
_b(N$T)
050 0 4 _aPR6003.L545
_bA58 2014
090 0 4 _aPR6003.L545
_bA58 2014
100 1 _aBlixen, Karen
245 1 0 _aEhrengard: küçük bir romans
_h[electronic resource] /
_cKaren Blixen ; çeviren Fatih Özgüven
260 _aİstanbul :
_bDedalus Kitap,
_c2014
300 _a81 p.
650 4 _aDil ve Edebiyat
650 4 _aLanguage and Literature
650 0 _aKısa hikayeler, İngiliz
650 0 _aShort stories, English
650 7 _aLITERARY COLLECTIONS / European / English, Irish, Scottish, Welsh
_2bisacsh
700 1 _aÖzgüven, Fatih
856 4 0 _uhttp://search.ebscohost.com/login.aspx?direct=true&scope=site&db=e011xww&AN=955192
999 _c10319
_d10319